01637cam a2200253 a 450000100100000000500170001000800410002704000290006805000170009708200150011410000400012924500450016926000400021430000260025450508010028065100370108165000290111865100390114765000180118691000340120404900090123895201190124799900170136600001303220200929163127.0820910s1934 ht 001 0 fre  aDO-SdBNPbspacLCdBNPHU00aF1926b.B415 ann*bB439h1 aBellegarde, Dantés,d1877-93009013aUn Haitien parle /cDantés Bellegarde. aPort-au-Prince :bCheraquit,c1934. a279, [1] p. ;c23 cm.0 aAvant-propos -- Etudes et action sociales -- Haiti et France: relations morales et économiques -- Haiti et son peuple -- Un programme d'education nationale -- La réforme de l'enseignement secondaire -- Recrutement et rétribution des instituteurs -- La commune et l'ecole -- Organisation rurale et agricole -- Le probléme de la misere en Haiti -- Les habitations à bon marché -- Une politique de la production -- Une politique de l'exportation -- Le régime douanier d'Haiti -- Libération nationale et politique de paix intérieure -- Organisation de la paix: Amérique latine et Etats-Unis. -- Etats-Unis et Amérique latine a la S. D. N. -- L'Amérique et la crise mondiale -- Andrew Carnegie et la paix des peuples -- De Hoover a Roosevelt. -- Les noirs américains et nous. 0aHaitixSocial Conditions.930091 0aEducationzHaiti.930092 0aHaitixEconomic Conditions.930093 0aPeace.929405 aCatalogación por copia / LC aBNGR 001052708MOaGRbGRcCTd2009-11-19iLF1l0onn* B439hp13032-10r2020-06-25w2020-06-25y2ZPréstamo interno c12676d12676